000 01805nam a2200493 i 4500
001 54944
003 KOSZ 005
005 20220614115503.0
008 050127s2004 pl a |000 0 pol
015 _aUWD 2005/1717
020 _a8305133664
035 _a991025929099705066
035 _a(PL-WaBN)b1705753x-48omnis_nlop
035 _ab1705753x
035 _a(OCoLC)749882777
035 _azz2005901062
035 _a(PL)b0000001705753
035 _a(EXLNZ-48OMNIS_NETWORK)9910104391905606
040 _aWA N
_cWA N
_dWA N
_dKOSZ 005/HR
041 1 _apol
_heng
080 _a1
080 _a(03)
100 1 _aBlackburn, Simon
_d(1944- )
_eAutor
245 1 0 _aOksfordzki słownik filozoficzny /
_cSimon Blackburn ; red. nauk. Jan Woleński ; z ang. przeł. Cezary Cieśliński [et al.] ; hasła dodane do ed. pol. oprac. Jan Woleński.
246 1 _iTyt. oryg.:
_aOxford dictionary of philosophy
250 _aWyd. 2.
260 _aWarszawa :
_b"Książka i Wiedza",
_ccop. 2004.
300 _a465, [1] s. :
_brys., wykr. ;
_c24 cm.
336 _aTekst
_btxt
_2rdacontent
337 _aBez urządzenia pośredniczącego
_bn
_2rdamedia
338 _aWolumin
_bnc
_2rdacarrier
380 _aKsiążki
388 _a2001-
500 _aTyt. oryg.: The Oxford dictionary of philosophy, 1994.
650 7 _aFilozofia
_2DBN
655 7 _aEncyklopedia
_2DBN
658 _aFilozofia i etyka
700 1 _aCieśliński, Cezary
_d(1965- )
_eTłumaczenie
700 1 _aWoleński, Jan
_d(1940- )
_eRedakcja
710 2 _aSpółdzielnia Wydawniczo-Handlowa "Książka i Wiedza"
_4pbl
856 _uhttp://koha.tu.koszalin.pl/cgi-bin/koha/opac-detail.pl?biblionumber=54944
_zKatalog online BPK
942 _2UKD
_cKS
999 _c54944
_d54944